Statystyki dla 200 najlepszych miast według Lonely Planet

Kliknij tutaj aby rozwiązać quiz!

Ogólne statystyki

  • Ten quiz został rozwiązany 337 razy
  • Średni wynik to 57 z 200

Statystyki odpowiedzi

#Miasto% Poprawnych
1Paryż
91%
5Londyn
90%
61Moskwa
89%
30Kraków
88%
18Berlin
87%
36Madryt
87%
26Tokio
86%
4Barcelona
85%
6Rzym
82%
14Praga
80%
2Nowy Jork
79%
63Pekin
78%
145Kijów
77%
51Sztokholm
76%
38Ateny
75%
49Los Angeles
74%
33Budapeszt
73%
50Lizbona
73%
40Wiedeń
73%
37Monachium
72%
64Helsinki
71%
103Waszyngton
71%
32Kair
69%
24Amsterdam
68%
28Dublin
68%
141Bukareszt
67%
10Stambuł
67%
3Sydney
67%
93Bruksela
66%
120Kopenhaga
66%
29Meksyk
66%
137Wilno
66%
57Petersburg
65%
110Bratysława
63%
125Zagrzeb
62%
16Buenos Aires
61%
116Ryga
61%
85Seul
60%
17Rio de Janeiro
59%
115Dubaj
58%
97Neapol
58%
122Sofia
57%
78Hamburg
56%
60Delhi
55%
172Mińsk
55%
34Chicago
54%
124Marsylia
54%
126Manchester
53%
48Szanghaj
53%
22Wenecja
52%
112Berno
50%
194Miami
50%
143Belgrad
49%
31Toronto
49%
7San Francisco
48%
8Bangkok
45%
155Bogota
45%
106Glasgow
44%
12Hongkong
44%
25Singapur
44%
19Jerozolima
43%
102Monako
42%
21Edynburg
41%
43Sarajewo
40%
46Las Vegas
39%
11Melbourne
37%
66Santiago
37%
179Luksemburg
36%
44Sewilla
36%
27Florencja
35%
9Kapsztad
35%
149Tirana
35%
84Lublana
34%
69Manila
33%
23Hanoi
32%
83Wellington
32%
35Hawana
31%
148Caracas
30%
87Tajpej
29%
15Vancouver
29%
182Baku
28%
109Dakar
28%
52Kuala Lumpur
28%
138Montevideo
26%
20Montreal
26%
77Mumbaj
26%
108Panama
26%
47Perth
26%
88Tallinn
26%
68Auckland
25%
53Damaszek
25%
55Seattle
25%
167Johannesburg
24%
135Nairobi
24%
104Quito
24%
162Aleksandria
23%
128Reykjavik
23%
151Tbilisi
23%
157Ułan Bator
23%
163Belfast
22%
94La Paz
22%
171Cardiff
21%
100Dhaka
20%
65Kalkuta
20%
176Mekka
20%
136Bejrut
19%
59Dubrownik
19%
178Erywań
19%
187Pjongjang
18%
45Kioto
17%
160Sana
17%
147Malé
16%
185Santo Domingo
14%
101Amman
13%
186Addis Abeba
12%
133Hiroszima
12%
169Austin
11%
174Chartum
10%
41Ho Chi Minh
10%
118Kabul
10%
13Katmandu
10%
75Innsbruck
9%
121Makau
9%
56Phnom Penh
9%
158Abudża
8%
193Antananarywa
8%
107Maskat
8%
95Québec
8%
67Fez
7%
190Ałmaty
6%
42Marrakesz
6%
192Valletta
6%
114Aleppo
5%
191Mombasa
5%
139Rangun
5%
150Suva
5%
105Christchurch
4%
58Cuzco
4%
144Dar es Salaam
4%
180Georgetown
4%
197Granada
4%
154Kampala
4%
170San Salvador
4%
111San Sebastián
4%
74Zanzibar
4%
175Anchorage
3%
195Bamako
3%
166Dżudda
3%
188Lahaur
3%
181Maputo
3%
173Thimphu
3%
76York
3%
117Asmara
2%
80Galway
2%
89Lhasa
2%
131Lubeka
2%
98Memfis
2%
39Nowe Orleany
2%
62Salvador
2%
113San Juan
2%
81Siena
2%
96Valparaíso
2%
142Apia
1%
200Aszchabat
1%
119Bath
1%
90Bled
1%
156Bridgetown
1%
71Chiang Mai
1%
91Hobart
1%
82Isfahan
1%
92Jaipur
1%
165Nuuk
1%
79Oaxaca
1%
152Agadez
0%
127Antigua
0%
140Arequipa
0%
184As-Suwajra
0%
177Asuan
0%
198Beira
0%
183Belize City
0%
146Buchara
0%
130Carcassonne
0%
159Christiansted
0%
99Heidelberg
0%
123Hội An
0%
168Kairuan
0%
189Kajenna
0%
73Kartagina
0%
161Livingstone
0%
54Luang Prabang
0%
199Madang
0%
134Mendoza
0%
70Puerto Vallarta
0%
196Saint-Denis
0%
86San Cristóbal
0%
164Savannah
0%
132Tel Awiw-Jafa
0%
153Ushuaia
0%
72Waranasi
0%
129Yogyakarta
0%

Rozkład punktacji

Percentyl według liczby udzielonych odpowiedzi

Procent ludzi z każdym wynikiem

Twoja historia wyników

Nie rozwiązałeś tego quizu